01063nas a2200229Ia 4500001001100000003000900011008004100020040001300061040001300074041001300087100004800100210002100148222002100169245015800190250001100348260003600359501008600395300001900481362003300500500026400533650003600797R022/42888IT-RoPAU151124c99999999xx |||||||||||| ||und|| aIT-RoPAU cIT-RoPAU aITALIANO aPignatiello LuigigCodice Aut. SPICS: 2572 aINFORMAZIONI MCS aInformazioni Mcs aINFORMAZIONI MCS, ANNO 07-N.06 (GIUGNO 1964)bEsercizio Cinematografico Cattolico (L'): Fondamenti Pastorali E Linee Operative Alla Luce Del Concilio (2) a1a ed. aVICENZAbINFORMAZIONI MCSc1964 bPaulus - SPICS - Società San Paolo EM (non-commercial uses only)cCopyright2015 a7 p. [196-202] aANNO 007, N.06 (GIUGNO 1964) aSeconda Parte della Relazione Tenuta al Convegno di Montecatini: Indagine Speculativa Sulla Idoneità del Cinema Come Strumento di Azione Pastorale. Studi ed Esperienze Condotti All'Interno dell'Acec. Strumentalità Comunicativa della Parola Filmica. Dimost aCINEMAvPUBBLICAZIONE PERIODICA